Responses for Show #3618 - Wednesday, May 3, 2000

Contestants

[<< previous game]

Franklin Oliver, a graduate student from Indianapolis, Indiana

Meg Sullivan, an online editor from Cambridge, Massachusetts

Dan Felsenheld, a marketing manager from Arlington, Virginia (whose 1-day cash winnings total $5,601)

[next game >>]

Jeopardy! Round responses

GREAT SCOTS!
MOVIES BY THE NUMBERS
(Alex: There will probably be a number in each correct response.)
"H.H."
U.S. CITIES
STRIKING
A HAPPY MEDIUM
    $100 19
Kaleidoscope

Meg
    $100 1
2001: A Space Odyssey

Meg
    $100 7
Happy Hour

Dan
    $100 4
Washington, D.C.

Dan
    $100 16
Writers Guild of America

Meg
    $100 22
Whoopi Goldberg

Meg
    $200 20
(Meg: What is Africa?)

Australia

Meg
Triple Stumper
    $200 2
Four Weddings and a Funeral

Dan
    $200 8
Hugh Hefner

Franklin
    $200 9
(Meg: What is Oklahoma City?)

Tulsa

DanMeg
    $200 17
U.S. Postal Service

Franklin
    $200 27
Trance

Dan
    $300 21
James M. Barrie

Dan
    $300 3
Twenty Thousand Leagues Under the Sea

Franklin
    $300 10
High heels

Meg
    $300 13
Ohio

Dan
    $300 18
New York City

Triple Stumper
    $300 28
Delphi

Dan
    $400 23
(Alex: Minute to go.)

James Boswell

Franklin
    $400 5
Three Men and a Baby

Meg
    $400 11
Hard hat

Meg
    $400 14
Mesa

Dan
    $400 25
Andrew Carnegie

Dan
    $400 29
(Dan: Who is David?)

Saul

DanFranklin
    $500 24
Jacques-Louis David

Dan
    $500 6
1776

Dan
    $500 12
Halfway house

Meg
    $500 15
(Franklin: What is Richmond?)
(Dan: What is Providence?)
(Meg: What is Virginia?)

San Juan, Puerto Rico

DanMegFranklin
Triple Stumper
    $500 26
(Meg: What is [**]?)
[Originally ruled incorrect, overturned after the commercial break]

Great Britain (Wales accepted)

DanMeg
    $500 30
Edgar Cayce

Triple Stumper

Scores at the first commercial break (after clue 15):

Dan Meg Franklin
$1,300 $1,000 $0

Scores at the end of the Jeopardy! Round:

Dan Meg Franklin
$3,100 $1,600 $1,000

Double Jeopardy! Round responses

SHAKESPEARE
SHOW TUNES
(Alex: We want you to name the musical for us.)
BIBLICAL WHO'S WHO
GOULASH
SEA CREATURES
WONDERERS OF THE WORLD
    $200 2
Verona

Dan
    $200 21
(Alex: Minute to go.)

Annie

Franklin
    $200 8
Eve

Dan
    $200 3
(Alex: What a bargain!)

Guinness

Meg
    $200 1
(Dan: What is a bass?)

Marlin

DanMeg
    $200 16
(Meg: What is February?)
(Dan: What is May?)

June

DanMeg
Triple Stumper
    $400 4
Brutus

Dan
    $400 24
Man of La Mancha

Dan
    $400 9
Aaron

Meg
    $400 5
Cheesecake

Dan
    $400 15
(Franklin: What is the great white?)
(Dan: What is a mako shark?)

Whale shark

DanFranklin
Triple Stumper
    $400 17
"Keep 'em down on the farm"

Dan
    $600 10
Prospero

Dan
    $600 25
Cabaret

Triple Stumper
    $600 12
Peter

Dan
    $600 6
St. Petersburg

Dan
    $600 18
Truth

Dan
    $300 11
(Dan: Who is Prince Hal?)

Sir John Falstaff

Dan
    $800 26
Cats

Dan
    $800 13
Esther

Dan
    $800 7
Albert Schweitzer

Franklin
    $800 19
The snows

Dan
    $1000 22
Dunsinane

Triple Stumper
    $1000 27
[The end-of-round signal sounds.]

Bye Bye Birdie

Triple Stumper
    $1,000 14
(Dan: Who is Methuselah?)

Jeremiah

Dan
    $1000 23
Emmett Kelly

Dan
    $1000 20
Sex

Triple Stumper

Scores at the end of the Double Jeopardy! Round:

Dan Meg Franklin
$8,800 $2,200 $1,600
(lock game)

[wagering suggestions for these scores]

Final Jeopardy! Round responses

FAMOUS RELATIVES
(Alex: Needed the high heat for all of the pottery.)
FranklinWho is Lord Kelvin?
$1,400
MegWho is John Darwin?
$200
DanWho is Kelvin?
$1,200
Josiah Wedgwood

Final scores:

Dan Meg Franklin
$7,600 $2,000 $200
2-day champion: $13,201 2nd place: Gear.com Shopping Spree 3rd place: ShopForSchool.com Gift Certificate

Game dynamics:

Coryat scores:

Dan Meg Franklin
$10,100 $2,200 $1,600
27 R
(including 1 DD),
7 W
(including 2 DDs)
12 R,
4 W
7 R,
2 W

Combined Coryat: $13,900

[game clues] [game scores] [suggest correction]

Game tape date: 2000-02-15
The J! Archive is created by fans, for fans. Scraping, republication, monetization, and malicious use prohibited; this site may use cookies and collect identifying information. See terms. The Jeopardy! game show and all elements thereof, including but not limited to copyright and trademark thereto, are the property of Jeopardy Productions, Inc. and are protected under law. This website is not affiliated with, sponsored by, or operated by Jeopardy Productions, Inc. Join the discussion at JBoard.tv.